00510nam a2200193 a 4500001001300000003000900013005001700022008004100039020001000080082001600090100001900106245003800125260004000163300000900203500003500212505002400247650002600271700001900297nice12345678IN_TiNIC20260116014343.0111005s2011 dela grp 000 0 eng  ac42500a294.38bVAR aVarma, Chandra aCompendium of Buddhist Literature aDelhi bBuddhist World Press c2011 a123p aincludes index and biblioraphy2 aBibliography, Index aBuddhism-Sacred Books1 aVarma, Chandra